European Competitions Top 5 Scorers: 2010/11 - Statistics

General Stats
  • This quiz has been taken 9 times
  • The average score is 6 of 18
Answer Stats
Competition Goals Club Nationality Player % Correct
Champions League 12 Barcelona Argentina Lionel Messi
100%
Champions League 6 Real Madrid Portugal Cristiano Ronaldo
89%
Champions League 8 Inter Cameroon Samuel Eto'o
78%
Champions League 6 Real Madrid France Karim Benzema
67%
Champions League 8 Bayern Munich Germany Mario Gomez
56%
Champions League 7 Chelsea France Nicolas Anelka
56%
Europa League 17 Porto Colombia Radamel Falcao
56%
Europa League 5 Napoli Uruguay Edinson Cavani
33%
Europa League 5 Sevilla Mali Frederic Kanoute
22%
Europa League 11 Villarreal Italy Giuseppe Rossi
22%
Champions League 6 Valencia Spain Roberto Soldado
22%
Europa League 5 Lech Poznan Latvia Artjoms Rudnevs
11%
Europa League 5 PSV Hungary Balazs Dzsudzsak
11%
Europa League 5 Villarreal Brazil Nilmar
11%
Europa League 5 Dynamo Kyiv Ukraine Artem Milevskyi
0%
Europa League 5 Porto Colombia Fredy Guarin
0%
Europa League 6 CSKA Moscow Czechia Tomas Necid
0%
Europa League 5 Sparta Prague Ivory Coast Wilfried Bony
0%
No matching quizzes found
Score Distribution
Percent of People with Each Score
Percentile by Number Answered
Your Score History
You have not taken this quiz